| 000 | 01153nam a22003377a 4500 | ||
|---|---|---|---|
| 003 | CHAP | ||
| 005 | 20220329133933.0 | ||
| 008 | 971013s1933 r 00010 d | ||
| 010 | _a12916 | ||
| 011 | _a13888 | ||
| 035 | _a17960 | ||
| 040 | _cCHAP | ||
| 082 |
_a632 _bH43m |
||
| 100 | 0 | 0 |
_aHeald, Frederick Deforest. _953240 |
| 245 | _aManual of plant diseases | ||
| 250 | _a2 ed. | ||
| 260 |
_aNew York : _bMacGraw-Hill, _c1933 |
||
| 300 |
_a953 p. _b: ilus. |
||
| 590 |
_aBATCH-UPD _b10 _c20130110 _lUCH01 _h2008 |
||
| 590 |
_aBATCH-UPD _b10 _c20130410 _lUCH01 _h1328 |
||
| 590 |
_aBATCH-UPD _b10 _c20130914 _lUCH01 _h1413 |
||
| 590 |
_aCONVERSION _b10 _c20130109 _lUCH01 _h1308 |
||
| 650 | 1 | 4 |
_aFitopatología. _941161 |
| 901 | _aBK | ||
| 942 | _cLIBRO | ||
| 949 |
_a632 H43m _bBC _cLIBRO _d33724000174934 _eLIBRO _h22408 _i17960 _si |
||
| 949 |
_a632 H43m _bBC _cLIBRO _d33724000174942 _eLIBRO _fc.2 _h22409 _i17960 _si |
||
| 949 |
_a632 H43m _bBC _cLIBRO _d33724000174959 _eLIBRO _fc.3 _h22410 _i17960 _si |
||
| 949 |
_a632 H43m _bBC _cLIBRO _d33724000174967 _eLIBRO _fc.5 _h22412 _i17960 _si |
||
| 949 |
_a632 H43m _bBC _cLIBRO _d33724000175063 _eLIBRO _fc.4 _h22411 _i17960 _si |
||
| 999 |
_c12916 _d12916 |
||